LEADER 01171nam a2200277 i 4500 001 000000250357 003 CaOOAMICUS 005 20160727000000.0 008 160727s2008 it u000 u ita u 013 $a229262 020 $a978-88-8477-147-6 040 $aSeMil$bita 100 1 $aScalera, Giovanni.$0(OLS)http://semarc/name/83389 245 13$aLe seducenti intese della rivalità :$bbreve viaggio nel mondo della competizione /$cGiovanni Scalera. 260 $aSaronno :$bMonti,$c2008. 300 $a124 p. ;$c21 cm. 490 0 $aVivifamiglia 650 4$aInterazione sociale.$0(OLS)http://semarc/subject/6506 650 4$aCompetizione - Psicologia.$0(OLS)http://semarc/subject/42957 830 0$aVivifamiglia.$0(OLS)http://semarc/title/32575 850 $aSeMil 852 $aSeMil$W1$xVenegono$y1$m2O II 479$j200703$B200703$CSeMilBibl$Z2$F212472 $81 961 $aOmaggio: Altro 996 $6020$a978-88-8477-147-6$9(OLS)http://semarc/number/260794 996 $6245$aLe seducenti intese della rivalità :$bbreve viaggio nel mondo della competizione$9(OLS)http://semarc/title/352596 996 $6260$aSaronno :$bMonti$9(OLS)http://semarc/publisher/31680 LEADER 01333nam a2200265 i 4500 001 000000185989 003 CaOOAMICUS 005 20100219000000.0 008 100219s1937 it u000 u mul u 013 $a164031 040 $aSeMil$bita 100 0 $aAmbrosius,$c.$0(OLS)http://semarc/name/904 245 12$aL'esamerone, ossia, Dell'origine e natura delle cose /$cSant' Ambrogio ; testo con introduzioni versione e commento di Mons. Emiliano Pasteris barnabita. 260 $aTorino :$bSocietà Editrice Internazionale,$c1937. 300 $aXXXV, 751 p. ;$c22 cm. 490 0 $aCorona Patrum : collezione di testi patristici greci, latini e orientali 490 0 $aCorona Patrum Salesiana. Serie latina ;$v4. 500 $aTesto in lingua originale con traduzione italiana a fronte. 700 1 $aPasteris, Emiliano.$0(OLS)http://semarc/name/21490 830 0$aCorona Patrum.$0(OLS)http://semarc/title/596 830 0$aCorona Patrum Salesiana. Serie latina ;$v4.$0(OLS)http://semarc/title/30746 850 $aSeMil 852 $aSeMil$W1$xVenegono$y1$m2T I 154$j136676$B136676$CSeMilBibl$Z2$F148231 $81 996 $6245$aL'esamerone, ossia, Dell'origine e natura delle cose$9(OLS)http://semarc/title/267329 996 $6260$aTorino :$bSocietà Editrice Internazionale$9(OLS)http://semarc/publisher/29847 LEADER 00863nam a2200229 i 4500 001 000000064438 003 CaOOAMICUS 005 20250304102021.0 008 130115s1966 it u000 u ita u 013 $a35610 040 $aSeMil$bita 100 1 $aLupi, Antonio .$0(OLS)http://semarc/name/32484 245 10$aLiturgia della parola :$btempo di Natale /$cAntonio Lupi O. P. 260 $aVicenza :$bLa Locusta,$cstampa 1966. 300 $a168 p. ;$c18 cm. 650 4$aNatale - Liturgia.$0(OLS)http://semarc/subject/27587 850 $aSeMil 852 $aSeMil$W1$xVenegono$y1$m3K II 484$j265388$B30591$CSeMilBibl$Z2$F30594 $81 961 $aOmaggio: Donazione 996 $6245$aLiturgia della parola :$btempo di Natale$9(OLS)http://semarc/title/102018 996 $6260$aVicenza :$bLa Locusta$9(OLS)http://semarc/publisher/31451 LEADER 01414nam a2200253 i 4500 001 000000199068 003 CaOOAMICUS 005 20230118140850.0 008 110315s1827 it u000 u ita u 013 $a177758 026 $ag-no a-t- 8.le (2(1 (3) 1827 (R) 040 $aSeMil$bita 100 1 $aBerardi, Alessandro .$0(OLS)http://semarc/name/72057 245 10$aApologia al chiariss. professore Maurizio Bufalini contro un articolo pubblicato dal sig. d. Severino Fabriani tra le memorie di religione, di morale, e di letteratura in Modena tom. 11., fasc. 31. col titolo Osservazioni sulla proposizione .. 260 $aPesaro :$bDalla Tip. di Annesio Nobili,$c1827. 300 $a62, [2] p. ;$c8°. 500 $aNumeri rom. nel tit. - Nome dell'A. a p. 55. 700 1 $aNobili, Annesio,$c.$0(OLS)http://semarc/name/11449 773 0 $t[Miscellanea.$w()24543 850 $aSeMil 852 $aSeMil$W1$xVenegono$y1$m5B I 20/7 FA$j149621$B149621$CSeMilBibl$Z2$F161005 $8I 996 $6245$aApologia al chiariss. professore Maurizio Bufalini contro un articolo pubblicato dal sig. d. Severino Fabriani tra le memorie di religione, di morale, e di letteratura in Modena tom. 11., fasc. 31. col titolo Osservazioni sulla proposizione ..$9(OLS)http://semarc/title/287803 996 $6260$aPesaro :$bDalla Tip. di Annesio Nobili$9(OLS)http://semarc/publisher/51306